000 02338cad a22002295a 4500
001 L146763
008 090224e20090210xxk f 000 0 eng d
035 _a(Sirsi) u146763
041 0 _aeng
050 0 4 _a306.1 $2 18
110 2 _aUnited Kingdom
_bHouse of Commons
_bCommunities and Local Government Committee
_95160
245 0 0 _aHousing and the credit crunch
_h[electronic resource]
260 _aLondon
_bHouse of Commons
_c2009
505 2 _aTerms of reference -- Summary -- Introduction -- House building targets: the 2007 housing green paper; targets, need and deliverability; balance of provision, private, social rented and low cost home ownership; land values; retaining skills and capacity in the construction sector; "regulatory burden?"; government response, purchasing unsold units; street property purchase; government response, additional social housing; government response, critical regeneration schemes -- Financial viability of housing schemes: building more affordable homes, the funding model; social housing grant; lending to housing associations; cross-subsidy; contingency planning -- Home ownership: affordability; government response, Homebuy Direct; government response, stamp duty; repossession; government response, mortgage rescue; government response, income support for mortgage interest payments; repossession of privately rented properties -- Conclusion
520 _aReport shows that the government is unlikely to meet its targets for house building set in 2007 - partially as a result of the credit crunch. Suggests that the targets should be retained as a useful barometer of the need for new houses and advocates an increased focus on affordable housing. Discusses government responses (including the buying up of unsold new build stock) to current events and posits that the government would be wise to simplify its current offerings of affordable housing schemes. Mentions that affordability is still an issue for many, despite falls in capital values.
521 _aAdvanced
590 _aKA NTK
651 4 _aEngland and Wales
_y1543-
690 _aPROPERTY-RESIDENTIAL PROPERTY-RESIDENTIAL PROPERTY MARKET
856 4 0 _uhttps://www.publications.parliament.uk/pa/cm200809/cmselect/cmcomloc/101/10102.htm
_zView the item free of charge at www.publications.parliament.uk...
942 _n0
999 _c109284
_d109284